000 00689nam a2200229Ia 4500
003 OSt
005 20220927104547.0
006 a|||||r|||| 00| 0
007 ta
008 220926b |||||||| |||| 00| 0 eng d
024 _a151819
037 _cReference Collections
040 _aRTL
_cRTL
_beng
041 _2eng
_aeng
082 _a"X91, K6/UN"
110 _a"United Nations, Economic (Commission) For Asia And The Far East"
245 0 _aSmall industry bulletin for Asia and the Far East
260 _c1966
700 _a"United Nations, Economic (Commission) For Asia And The Far East"
942 _h"X91, K6/UN"
_cCC
999 _c687975
_d687975